000 00710nam a2200241Ia 4500
008 191130s2009##################000#0#eng##
020 _a9780791095423
022 _a2008054308
040 _aACL
_cACL
082 _a382.92 REI
100 _aReis, Ronald A
245 _aThe World Trade Organization
_cRonald A. Reis
250 _a1st ed
260 _aNew York
_bChelsea House
_c2009
300 _a149 p. : ill. (chiefly col.) ; 25 cm
500 _aIncludes bibliographical references and index
650 _aInternational trade
650 _aInternational trade agencies
650 _aWorld Trade Organization
990 _a72632b24ac10000c0ecb52041cf38ce5
991 _a313246
999 _c76432
_d76432